El Uruguay en los albores del siglo XIX (Record no. 169380)

MARC details
000 -LEADER
campo de control de longitud fija 00753nam a22002175i 4500
001 - NÚMERO DE CONTROL
campo de control 169380
003 - IDENTIFICADOR DE NÚMERO DE CONTROL
campo de control ES-MaACL
005 - FECHA Y HORA DE LA ÚLTIMA TRANSACCIÓN
campo de control 20230906214057.0
008 - DATOS DE LONGITUD FIJA--INFORMACIÓN GENERAL
campo de control de longitud fija 080904s1974 ag |||| | spa d
080 ## - NÚMERO DE LA CLASIFICACIÓN DECIMAL UNIVERSAL
Número de la Clasificación Decimal Universal 913(899)"18"
080 ## - NÚMERO DE LA CLASIFICACIÓN DECIMAL UNIVERSAL
Número de la Clasificación Decimal Universal 929 Lastarria, Miguel de
100 1# - ENTRADA PRINCIPAL--NOMBRE DE PERSONA
Nombre de persona Abadie-Aicardi, Aníbal,
9 (RLIN) 17952
245 13 - MENCIÓN DEL TÍTULO
Título El Uruguay en los albores del siglo XIX
Resto del título : su "Breve descripción" por el Dr. Miguel de Lastarría /
Mención de responsabilidad, etc. Anibal Abadie-Aicardi.
260 ## - PUBLICACIÓN, DISTRIBUCIÓN, ETC.
Lugar de publicación, distribución, etc. Buenos Aires :
Nombre del editor, distribuidor, etc. [s.n.],
Fecha de publicación, distribución, etc. 1974.
300 ## - DESCRIPCIÓN FÍSICA
Extensión 11 p. ;
Dimensiones 24 cm.
595 ## -
-- Separata de: Nuestra historia. N. 13 (1974)
600 14 - PUNTO DE ACCESO ADICIONAL DE MATERIA--NOMBRE DE PERSONA
Nombre de persona Lastarría, Miguel de.
9 (RLIN) 138469
651 #4 - PUNTO DE ACCESO ADICIONAL DE MATERIA--NOMBRE GEOGRÁFICO
Nombre geográfico Uruguay-
Subdivisión general Descripción.
9 (RLIN) 138393
852 ## - LOCALIZACIÓN
Ubicación ES-MaACL
Número de control de estantería 2234-F-17
itemnumber R.143885
Holdings
Estatus retirado Estado de pérdida Estado de daño No para préstamo Colección Biblioteca de origen Biblioteca actual Ubicación en estantería Fecha de adquisición Fuente de adquisición Total de préstamos Signatura topográfica completa Código de barras Visto por última vez Precio de reemplazo Tipo de ítem Koha
        Colección de folletos Biblioteca del Ateneo de Madrid Biblioteca del Ateneo de Madrid Depósito folletos 04/09/2008     2234-F-17 1177824 23/02/2023 23/02/2023 Folleto